000 00449nam a2200145Ia 4500
003 OSt
005 20260226094437.0
008 211028s2019 xx 000 0 und d
040 _cAIMIT LIBRARY
041 _aeng
100 _aKajal, P H; Harinakshi.
_g1716085
_98063
245 _aStudy on the effectiveness of performance appraisal system with reference to Canara Workshops Ltd /
260 _aMangalore
_bRavi Kudtarkar
_c2019
942 _2ddc
_cPRO
999 _c219631
_d219631